[Event "interzonal (w)"]
[Site "Azov URS"]
[Date "1990.??.??"]
[Round "1"]
[White "Botsari, Anna-Maria"]
[Black "Uskova, Fliura"]
[Result "1-0"]
[WhiteElo "2205"]
[BlackElo "2290"]
[EventDate "1990.06.??"]
[PlyCount "76"]

1.d4 Nf6 2.c4 e6 3.Nc3 Bb4 4.Qc2 c5 5.dxc5 Bxc5 6.Nf3 Qb6 7.e3 Qc7 8.Bd3 
a6 9.b3 Be7 10.Bb2 d6 11.g4 h6 12.Rg1 Nc6 13.Be2 d5 14.Rc1 dxc4 15.Bxc4 b5
16.Be2 Bb7 17.Kf1 Rc8 18.a4 Ne5 19.Nxe5 Qxe5 20.axb5 O-O 21.bxa6 Ba8 22.
Bd1 Qxh2 23.f3 Qd6 24.Qf2 Rfd8 25.Be2 Qd2 26.Rb1 Bc5 27.Nd1 Nd5 28.g5 
Nxe3+ 29.Nxe3 Bxe3 30.Qg2 hxg5 31.Rh1 Qc2 32.Qh3 Kf8 33.Bxg7+ Ke7 34.Re1 
Qg6 35.Qh6 Qxh6 36.Bxh6 Rc3 37.Bg7 Rxb3 38.Bc4 Ra3 1-0

[Event "interzonal (w)"]
[Site "Azov URS"]
[Date "1990.??.??"]
[Round "1"]
[White "Galliamova, Alisa"]
[Black "Madl, Ildiko"]
[Result "0-1"]
[WhiteElo "2365"]
[BlackElo "2390"]
[EventDate "1990.06.??"]
[PlyCount "128"]

1.Nf3 c5 2.c4 Nf6 3.d4 e6 4.Nc3 cxd4 5.Nxd4 Bb4 6.Nb5 O-O 7.Bf4 d5 8.a3 
Bxc3+ 9.bxc3 Na6 10.e3 Bd7 11.Qd4 Qa5 12.Be5 Ne8 13.Rb1 Bc6 14.cxd5 Bxd5 
15.e4 Bc6 16.Be2 Rd8 17.Qe3 Nac7 18.Bxc7 Nxc7 19.Nxa7 Qxa3 20.Nxc6 bxc6 
21.O-O Rb8 22.Rb6 Rxb6 23.Qxb6 Nb5 24.c4 Nc3 25.Bf3 c5 26.Qd6 Qa5 27.h4 h6
28.h5 Rd8 29.Qe7 Rc8 30.Qd7 Qd8 31.Qxd8+ Rxd8 32.Rc1 Rd3 33.Kf1 Kf8 34.Ra1
Rd4 35.Rc1 Rd3 36.Ra1 Rd4 37.Rc1 Nxe4 38.Bxe4 Rxe4 39.g3 Ke7 40.Kg2 Rd4 
41.Kf3 Kd6 42.Ke3 Ke5 43.f3 Kf5 44.g4+ Kg5 45.Ra1 Rxc4 46.Ra7 Rc3+ 47.Ke4 
f5+ 48.Ke5 Re3+ 49.Kd6 Rxf3 50.Rxg7+ Kh4 51.gxf5 exf5 52.Kxc5 Kxh5 53.Kd4 
Kh4 54.Ke5 h5 55.Kf6 Rf2 56.Rg1 Kh3 57.Rh1+ Kg4 58.Rg1+ Kf4 59.Rh1 Kg4 60.
Rg1+ Kf4 61.Rh1 Kg3 62.Rxh5 f4 63.Rg5+ Kf3 64.Ra5 Rb2 0-1

[Event "interzonal (w)"]
[Site "Azov URS"]
[Date "1990.??.??"]
[Round "1"]
[White "Kachiani, Ketino"]
[Black "Brustman, Agnieszka"]
[Result "1/2-1/2"]
[WhiteElo "2365"]
[BlackElo "2325"]
[EventDate "1990.06.??"]
[PlyCount "82"]

1.d4 Nf6 2.c4 g6 3.Nc3 Bg7 4.e4 d6 5.Be2 O-O 6.Bg5 c6 7.Qd2 Nbd7 8.f3 a6 
9.Nh3 b5 10.Nf2 Nb6 11.b3 Be6 12.a4 bxa4 13.Nxa4 Nxa4 14.Rxa4 Qb6 15.Bd1 
c5 16.Be3 cxd4 17.Bxd4 Qc7 18.O-O Nd7 19.Bxg7 Kxg7 20.Bc2 Rfb8 21.f4 f6 
22.h4 Nc5 23.Ra3 Qb6 24.Rfa1 Bf7 25.h5 Ne6 26.Kf1 Qd4 27.Ke1 Rb6 28.hxg6 
hxg6 29.Qxd4 Nxd4 30.Bd1 Rab8 31.Rxa6 Rxa6 32.Rxa6 Nxb3 33.Ra7 Kf8 34.Be2 
Nc5 35.e5 fxe5 36.fxe5 dxe5 37.Ng4 e4 38.Kd2 Rb7 39.Rxb7 Nxb7 40.Ke3 Nc5 
41.Nf2 Ke8 1/2-1/2

[Event "interzonal (w)"]
[Site "Azov URS"]
[Date "1990.??.??"]
[Round "1"]
[White "Basagic, Vesna"]
[Black "Chelushkina, Irina"]
[Result "0-1"]
[WhiteElo "2270"]
[BlackElo "2315"]
[EventDate "1990.06.??"]
[PlyCount "58"]

1.e4 c5 2.Nf3 e6 3.b3 d5 4.exd5 exd5 5.Bb5+ Nc6 6.O-O Bd6 7.Bb2 Nf6 8.Re1+
Be6 9.Bxc6+ bxc6 10.Ng5 O-O 11.Nxe6 fxe6 12.d3 Qc7 13.h3 Qf7 14.Qe2 Rae8 
15.Nd2 Nh5 16.Nf1 Nf4 17.Qg4 Nxd3 18.Qxg7+ Qxg7 19.Bxg7 Nxe1 20.Bxf8 Nxc2 
21.Rc1 Nd4 22.Bxd6 Ne2+ 23.Kh2 Nxc1 24.Bxc5 Nd3 25.Be3 c5 26.f3 Rc8 27.Bd2
c4 28.bxc4 dxc4 29.Bc3 Nc1 0-1

[Event "interzonal (w)"]
[Site "Azov URS"]
[Date "1990.??.??"]
[Round "1"]
[White "Peng Zhaoqin"]
[Black "Battsetseg, Tsagaan"]
[Result "1-0"]
[WhiteElo "2305"]
[BlackElo "2230"]
[EventDate "1990.06.??"]
[PlyCount "69"]

1.d4 Nf6 2.c4 g6 3.Nc3 Bg7 4.e4 d6 5.f4 c5 6.d5 O-O 7.Nf3 e6 8.Be2 exd5 9.
exd5 Re8 10.O-O Bf5 11.Bd3 Ne4 12.Nxe4 Bxe4 13.Bxe4 Rxe4 14.Ng5 Re7 15.f5 
Nd7 16.fxg6 hxg6 17.Qf3 Nf6 18.Bd2 Qd7 19.Bc3 Ng4 20.Bxg7 Kxg7 21.h3 Nh6 
22.Qf6+ Kg8 23.Ne6 fxe6 24.Qxg6+ Rg7 25.Qxh6 exd5 26.cxd5 Re8 27.Rae1 Qa4 
28.Rxe8+ Qxe8 29.Qxd6 Qe3+ 30.Kh2 Qd2 31.Qe6+ Kh7 32.Qe4+ Kg8 33.Rf5 Rg6 
34.Qe8+ Kg7 35.Qf8+ 1-0

[Event "interzonal (w)"]
[Site "Azov URS"]
[Date "1990.??.??"]
[Round "1"]
[White "Prudnikova, Svetlana"]
[Black "Arakhamia, Ketevan"]
[Result "1-0"]
[WhiteElo "2265"]
[BlackElo "2385"]
[EventDate "1990.06.??"]
[PlyCount "105"]

1.d4 d5 2.c4 c6 3.Nc3 Nf6 4.e3 g6 5.Nf3 Bg7 6.Be2 O-O 7.O-O Bg4 8.cxd5 
cxd5 9.h3 Bxf3 10.Bxf3 Nc6 11.Bd2 e6 12.Qa4 Nd7 13.Rfc1 Nb6 14.Qc2 Rc8 15.
Be1 f5 16.Qe2 f4 17.Rd1 Qf6 18.Rac1 Kh8 19.a4 Nc4 20.Bxd5 exd5 21.Nxd5 Qe6
22.Nxf4 Rxf4 23.Qxc4 Qxc4 24.Rxc4 Rff8 25.b4 Ne7 26.Rdc1 Rxc4 27.Rxc4 Rc8 
28.Rxc8+ Nxc8 29.Kf1 Kg8 30.Ke2 Kf7 31.Kd3 Ke6 32.e4 a6 33.f4 Kd7 34.g4 
Nb6 35.a5 Nc8 36.Kc4 Nd6+ 37.Kd5 Nb5 38.f5 Bf8 39.e5 Nc7+ 40.Ke4 Kc6 41.
fxg6 hxg6 42.h4 Nd5 43.h5 gxh5 44.gxh5 Bh6 45.Kf5 Kd7 46.Kg6 Be3 47.Kf7 
Nc7 48.d5 Nxd5 49.e6+ Kd6 50.Bg3+ Kc6 51.e7 Nxe7 52.Kxe7 Bd2 53.Ke6 1-0

[Event "interzonal (w)"]
[Site "Azov URS"]
[Date "1990.??.??"]
[Round "1"]
[White "Salazar Varon, Adriana"]
[Black "Klimova-Richtrova, Eliska"]
[Result "0-1"]
[WhiteElo "2115"]
[BlackElo "2355"]
[EventDate "1990.06.??"]
[PlyCount "74"]

1.e4 d6 2.d4 Nf6 3.Nc3 g6 4.Nf3 Bg7 5.h3 O-O 6.Be3 c6 7.Bd3 Nbd7 8.O-O e5 
9.dxe5 dxe5 10.Qd2 Qe7 11.Bh6 Nc5 12.Bxg7 Kxg7 13.Rad1 a5 14.Qg5 Re8 15.a4
h6 16.Qe3 Nh5 17.Bc4 Nf4 18.Rd2 b6 19.Rfd1 Ra7 20.Rd6 Rc7 21.b3 Bb7 22.Qd2
Nd5 23.Rxd5 cxd5 24.exd5 Qf6 25.Qe3 e4 26.Nd4 Re5 27.Ndb5 Rd7 28.d6 Rg5 
29.Bd5 Qf3 30.Qxf3 exf3 31.g3 Re5 32.Bxb7 Rxb7 33.Nd5 Re2 34.Ndc7 Rb8 35.
Nd4 Ne4 36.Nxe2 fxe2 37.Re1 Nc3 0-1

[Event "interzonal (w)"]
[Site "Azov URS"]
[Date "1990.??.??"]
[Round "2"]
[White "Amura, Claudia"]
[Black "Klimova-Richtrova, Eliska"]
[Result "1-0"]
[WhiteElo "2285"]
[BlackElo "2355"]
[EventDate "1990.06.??"]
[PlyCount "75"]

1.d4 Nf6 2.Nf3 g6 3.g3 Bg7 4.Bg2 O-O 5.O-O d6 6.Re1 Ne4 7.Nbd2 f5 8.c4 Nc6
9.d5 Nxd2 10.Bxd2 Ne5 11.Qc2 c5 12.dxc6 Nxc6 13.Bc3 e5 14.b4 e4 15.Bxg7 
Kxg7 16.Nd2 Qf6 17.a3 Be6 18.Rac1 a6 19.f3 exf3 20.exf3 f4 21.Ne4 Qd4+ 22.
Qf2 Rad8 23.Qxd4+ Nxd4 24.Kf2 Bg8 25.Red1 Nf5 26.gxf4 h6 27.Bh3 Nh4 28.Kg3
g5 29.f5 d5 30.cxd5 Nxf5+ 31.Bxf5 Rxf5 32.Rc7+ Kg6 33.d6 Rdf8 34.Rd3 Bd5 
35.d7 Rd8 36.Nc5 h5 37.Rc8 h4+ 38.Kf2 1-0

[Event "interzonal (w)"]
[Site "Azov URS"]
[Date "1990.??.??"]
[Round "2"]
[White "Arakhamia, Ketevan"]
[Black "Kachiani, Ketino"]
[Result "0-1"]
[WhiteElo "2385"]
[BlackElo "2365"]
[EventDate "1990.06.??"]
[PlyCount "76"]

1.e4 e5 2.Nf3 Nc6 3.Bb5 a6 4.Ba4 Nf6 5.O-O Be7 6.Re1 b5 7.Bb3 d6 8.c3 O-O 
9.h3 Bb7 10.d4 Re8 11.Nbd2 Bf8 12.a4 h6 13.Bc2 exd4 14.cxd4 Nb4 15.Bb1 g6 
16.e5 dxe5 17.dxe5 Nh5 18.Qb3 c5 19.Ne4 c4 20.Qe3 Nd5 21.Qd4 Nhf4 22.Bxf4 
Nxf4 23.Nf6+ Qxf6 24.exf6 Rxe1+ 25.Kh2 Bxf3 26.gxf3 Re6 27.axb5 Bd6 28.
Qxc4 Re2 29.Be4 Rxf2+ 30.Kh1 Ne2 31.f4 Ng3+ 32.Kg1 Rxf4 33.Qc6 Rd8 34.Bf3 
Rxf6 35.bxa6 Be5 36.Qb7 Rd2 37.Ra4 Ne2+ 38.Bxe2 Rxe2 0-1

[Event "interzonal (w)"]
[Site "Azov URS"]
[Date "1990.??.??"]
[Round "2"]
[White "Battsetseg, Tsagaan"]
[Black "Basagic, Vesna"]
[Result "1-0"]
[WhiteElo "2230"]
[BlackElo "2270"]
[EventDate "1990.06.??"]
[PlyCount "117"]

1.e4 d5 2.exd5 Nf6 3.d4 Nxd5 4.Nf3 g6 5.Be2 Bg7 6.O-O O-O 7.Nbd2 Nc6 8.Nc4
Bg4 9.c3 Rc8 10.Re1 h6 11.Nfe5 Bxe2 12.Qxe2 Nxe5 13.Nxe5 c5 14.dxc5 Rxc5 
15.Ng4 h5 16.Ne3 Nf4 17.Qf3 Qc7 18.Nc2 Ne6 19.Be3 Rf5 20.Qe4 Nc5 21.Bxc5 
Qxc5 22.Ne3 Rf6 23.Qxb7 e6 24.Rad1 Bh6 25.g3 Bxe3 26.Rxe3 Qf5 27.Re2 Qa5 
28.b4 Qa3 29.c4 Qc3 30.c5 e5 31.Qe4 a5 32.Rc2 Qxb4 33.Qxb4 axb4 34.c6 Re6 
35.c7 Ree8 36.Rb1 Ra8 37.Rxb4 Rfc8 38.Kg2 Kg7 39.a4 Ra7 40.Rbc4 Kf6 41.Kf3
Ke6 42.h4 Kd6 43.Ke4 f5+ 44.Kd3 Kd7 45.R2c3 Rb7 46.Kc2 Ra7 47.Kb3 Rb7+ 48.
Ka3 Kd6 49.Rd3+ Ke7 50.Rdc3 Kd6 51.a5 e4 52.Ka4 Rb2 53.Rc2 Rb1 54.Rd4+ Ke7
55.a6 Ra1+ 56.Kb5 Ra3 57.Rb4 Kd6 58.Kb6 e3 59.fxe3 1-0

[Event "interzonal (w)"]
[Site "Azov URS"]
[Date "1990.??.??"]
[Round "2"]
[White "Brustman, Agnieszka"]
[Black "Galliamova, Alisa"]
[Result "1-0"]
[WhiteElo "2325"]
[BlackElo "2365"]
[EventDate "1990.06.??"]
[PlyCount "67"]

1.e4 c5 2.Nf3 Nc6 3.d4 cxd4 4.Nxd4 Nf6 5.Nc3 d6 6.Bg5 e6 7.Qd2 a6 8.O-O-O 
h6 9.Be3 Be7 10.f4 Nxd4 11.Bxd4 b5 12.Bd3 Bb7 13.Kb1 O-O 14.Rhe1 b4 15.Ne2
Nxe4 16.Bxe4 Bxe4 17.Bxg7 Bxc2+ 18.Qxc2 Kxg7 19.Ng3 Re8 20.f5 Bf8 21.fxe6 
Rxe6 22.Rf1 Kg8 23.Rf3 Ra7 24.Nh5 Rc7 25.Qf5 Rg6 26.Rg3 Rxg3 27.hxg3 Be7 
28.Qf4 Bg5 29.Qd4 f6 30.Qxb4 Qc8 31.a3 Rc2 32.Qb3+ Rc4 33.Nf4 Kh7 34.Nd3 
1-0

[Event "interzonal (w)"]
[Site "Azov URS"]
[Date "1990.??.??"]
[Round "2"]
[White "Burtman, Sharon"]
[Black "Salazar Varon, Adriana"]
[Result "1-0"]
[WhiteElo "2045"]
[BlackElo "2115"]
[EventDate "1990.06.??"]
[PlyCount "59"]

1.d4 Nf6 2.c4 g6 3.Nc3 Bg7 4.e4 d6 5.f4 O-O 6.Nf3 c5 7.d5 e6 8.Be2 exd5 9.
cxd5 Re8 10.e5 dxe5 11.fxe5 Ng4 12.Bg5 Qa5 13.O-O Nxe5 14.d6 Nxf3+ 15.Bxf3
Bd4+ 16.Kh1 f6 17.Bxb7 fxg5 18.Bxa8 Bf5 19.Nd5 Kg7 20.Ne7 Be6 21.Qe2 Bd7 
22.Qc4 Bf6 23.Rxf6 Kxf6 24.Rf1+ Kg7 25.Qf7+ Kh6 26.Ng8+ Rxg8 27.Qxg8 Qa6 
28.Qf8+ Kh5 29.Rg1 g4 30.Qxb8 1-0

[Event "interzonal (w)"]
[Site "Azov URS"]
[Date "1990.??.??"]
[Round "2"]
[White "Chelushkina, Irina"]
[Black "Botsari, Anna-Maria"]
[Result "1-0"]
[WhiteElo "2315"]
[BlackElo "2205"]
[EventDate "1990.06.??"]
[PlyCount "59"]

1.e4 e5 2.Nf3 Nc6 3.Bc4 Bc5 4.c3 Nf6 5.d4 exd4 6.e5 d5 7.Bb5 Ne4 8.cxd4 
Bb4+ 9.Bd2 Bxd2+ 10.Nbxd2 O-O 11.Bxc6 bxc6 12.O-O c5 13.dxc5 Nxc5 14.Nb3 
Ne6 15.Rc1 f6 16.Nbd4 fxe5 17.Nc6 Qd6 18.Nfxe5 Nf4 19.Re1 Ba6 20.Rc3 Rae8 
21.Rce3 Re6 22.Qa4 Bb7 23.Nd4 Rxe5 24.Rxe5 Qg6 25.g3 Nh3+ 26.Kg2 Rxf2+ 27.
Kh1 h6 28.Qb5 Qb6 29.Re8+ Kf7 30.Qd7+ 1-0

[Event "interzonal (w)"]
[Site "Azov URS"]
[Date "1990.??.??"]
[Round "2"]
[White "Finegold, Gina"]
[Black "Peng Zhaoqin"]
[Result "0-1"]
[WhiteElo "2025"]
[BlackElo "2305"]
[EventDate "1990.06.??"]
[PlyCount "74"]

1.d4 Nf6 2.c4 g6 3.Nc3 Bg7 4.e4 d6 5.Nf3 O-O 6.Be2 e5 7.dxe5 dxe5 8.Qxd8 
Rxd8 9.Bg5 c6 10.Nxe5 Re8 11.O-O-O Na6 12.f4 h6 13.Bxf6 Bxf6 14.Bf3 Be6 
15.b3 Bxe5 16.fxe5 Nc5 17.Ne2 Nd7 18.Nf4 Nxe5 19.Nxe6 Rxe6 20.Rd2 Kg7 21.
Rhd1 Rae8 22.Rd6 Kf6 23.c5 Kg5 24.R1d4 Rxd6 25.Rxd6 Re6 26.Kd2 Rxd6+ 27.
cxd6 Kf6 28.Be2 Ke6 29.Ke3 Kxd6 30.Kd4 c5+ 31.Ke3 g5 32.Bh5 b5 33.h3 b4 
34.Be2 c4 35.Bxc4 Nxc4+ 36.bxc4 Kc5 37.Kd3 f6 0-1

[Event "interzonal (w)"]
[Site "Azov URS"]
[Date "1990.??.??"]
[Round "2"]
[White "Madl, Ildiko"]
[Black "Voiska, Margarita"]
[Result "1/2-1/2"]
[WhiteElo "2390"]
[BlackElo "2335"]
[EventDate "1990.06.??"]
[PlyCount "80"]

1.e4 e5 2.Nf3 Nc6 3.Bb5 Nf6 4.O-O Nxe4 5.d4 Nd6 6.Bxc6 dxc6 7.dxe5 Nf5 8.
Qxd8+ Kxd8 9.b3 Be6 10.Nc3 h6 11.Bb2 Kc8 12.h3 b6 13.g4 Ne7 14.Nd4 h5 15.
Nxe6 fxe6 16.Kg2 Nd5 17.Ne2 g5 18.Rad1 c5 19.c4 Nb4 20.f4 Nc2 21.Rd3 gxf4 
22.Nxf4 Bh6 23.Nxe6 hxg4 24.hxg4 Re8 25.g5 Rxe6 26.gxh6 Rxh6 27.Rf8+ Kb7 
28.Rdd8 Rxd8 29.Rxd8 c6 30.Kg3 Kc7 31.Rd2 Nd4 32.Bxd4 cxd4 33.Rxd4 Rh5 34.
Kf4 Rh4+ 35.Ke3 Rh3+ 36.Ke4 Rh4+ 37.Kd3 Rh3+ 38.Ke4 Rh4+ 39.Kd3 Rh3+ 40.
Kc2 Re3 1/2-1/2

[Event "interzonal (w)"]
[Site "Azov URS"]
[Date "1990.??.??"]
[Round "2"]
[White "Uskova, Fliura"]
[Black "Prudnikova, Svetlana"]
[Result "0-1"]
[WhiteElo "2290"]
[BlackElo "2265"]
[EventDate "1990.06.??"]
[PlyCount "120"]

1.e4 c5 2.Nf3 Nc6 3.Bb5 g6 4.Bxc6 dxc6 5.h3 Bg7 6.d3 Nf6 7.Nbd2 O-O 8.O-O 
Ne8 9.Nc4 Nc7 10.Rb1 Ne6 11.b3 Nd4 12.a4 Be6 13.Bd2 Nxf3+ 14.Qxf3 b5 15.
axb5 cxb5 16.Ne3 a5 17.Bc1 b4 18.Nd5 a4 19.bxa4 Rxa4 20.Be3 Bxd5 21.exd5 
Qc7 22.Qe4 Rc8 23.Bg5 Be5 24.f4 Bd4+ 25.Kh1 f6 26.Bh6 Qd7 27.f5 Kf7 28.h4 
Ra6 29.Bd2 Rd6 30.Bxb4 cxb4 31.Qxd4 Rxc2 32.Qf4 Qxf5 33.Qxf5 gxf5 34.Rxf5 
Rb6 35.Rf4 b3 36.Rc4 Rd2 37.Rc3 b2 38.Kh2 Rb5 39.d6 exd6 40.Rc7+ Kg6 41.
Rc3 d5 42.Kg3 Kf5 43.Kf3 Ke5 44.h5 Kd4 45.Rc7 Rxd3+ 46.Ke2 Ra3 47.Rc2 Rg3 
48.Kf2 Rg5 49.h6 Rg6 50.Kf3 Rxh6 51.Kf4 Kd3 52.Rcxb2 Rxb2 53.Rxb2 Rh1 54.
Rb3+ Kd2 55.Rb2+ Kc3 56.Rb7 d4 57.Rc7+ Kd2 58.Ra7 d3 59.Ra2+ Kc3 60.Ke3 
Re1+ 0-1

[Event "interzonal (w)"]
[Site "Azov URS"]
[Date "1990.??.??"]
[Round "3"]
[White "Botsari, Anna-Maria"]
[Black "Battsetseg, Tsagaan"]
[Result "1-0"]
[WhiteElo "2205"]
[BlackElo "2230"]
[EventDate "1990.06.??"]
[PlyCount "29"]

1.d4 Nf6 2.c4 g6 3.Nc3 Bg7 4.e4 d6 5.f3 O-O 6.Bg5 Nc6 7.Qd2 e5 8.d5 Nd4 9.
Nge2 Nxe2 10.Bxe2 a6 11.h4 Qe8 12.g4 Bd7 13.a4 Rb8 14.h5 Kh8 15.h6 1-0

[Event "interzonal (w)"]
[Site "Azov URS"]
[Date "1990.??.??"]
[Round "3"]
[White "Galliamova, Alisa"]
[Black "Arakhamia, Ketevan"]
[Result "1-0"]
[WhiteElo "2365"]
[BlackElo "2385"]
[EventDate "1990.06.??"]
[PlyCount "76"]

1.Nf3 c5 2.c4 Nc6 3.d4 cxd4 4.Nxd4 g6 5.e4 Bg7 6.Be3 Nf6 7.Nc3 d6 8.Be2 
O-O 9.O-O a6 10.f3 Bd7 11.Qd2 Rb8 12.Rfe1 b5 13.cxb5 Nxd4 14.Bxd4 axb5 15.
b4 Rb7 16.a4 bxa4 17.b5 Ne8 18.Rxa4 Nc7 19.Bxg7 Kxg7 20.Ra7 Qb8 21.Rea1 f6
22.Qe3 Ne6 23.Rxb7 Qxb7 24.Ra7 Qc8 25.Nd5 Qd8 26.b6 Nc5 27.Nc7 Bc6 28.Qxc5
dxc5 29.Ne6+ Kf7 30.Nxd8+ Rxd8 31.Rc7 Bd7 32.b7 Be6 33.Ba6 f5 34.exf5 gxf5
35.f4 Kf6 36.Rc8 Rxc8 37.bxc8=Q Bxc8 38.Bxc8 e5 1-0

[Event "interzonal (w)"]
[Site "Azov URS"]
[Date "1990.??.??"]
[Round "3"]
[White "Kachiani, Ketino"]
[Black "Uskova, Fliura"]
[Result "1/2-1/2"]
[WhiteElo "2365"]
[BlackElo "2290"]
[EventDate "1990.06.??"]
[PlyCount "51"]

1.d4 c5 2.d5 g6 3.c4 e5 4.e4 d6 5.Nc3 Bg7 6.Be2 f5 7.exf5 gxf5 8.Bh5+ Kf8 
9.Nh3 h6 10.O-O Nd7 11.Bd2 Ndf6 12.f4 e4 13.Be2 Ne7 14.Qc2 Rg8 15.Nf2 Bh8 
16.Kh1 a6 17.a4 Qe8 18.Ra3 Bd7 19.a5 Qg6 20.Rg1 Re8 21.Ncd1 Ng4 22.Be3 
Nxe3 23.Nxe3 Qf6 24.Rb1 Qh4 25.Nh3 Ng6 26.g3 1/2-1/2

[Event "interzonal (w)"]
[Site "Azov URS"]
[Date "1990.??.??"]
[Round "3"]
[White "Basagic, Vesna"]
[Black "Finegold, Gina"]
[Result "1-0"]
[WhiteElo "2270"]
[BlackElo "2025"]
[EventDate "1990.06.??"]
[PlyCount "65"]

1.d4 d5 2.Nf3 Nf6 3.e3 g6 4.c4 c6 5.Nc3 Bg7 6.Be2 O-O 7.O-O Bg4 8.h3 Bxf3 
9.Bxf3 dxc4 10.Qe2 Nbd7 11.Qxc4 e5 12.Rd1 Qe7 13.a4 exd4 14.exd4 Nb6 15.
Qb3 Rad8 16.Bg5 h6 17.Bh4 g5 18.Bg3 Nbd5 19.a5 a6 20.Na4 Nf4 21.Nc5 Rb8 
22.Ra4 Nd7 23.Nxd7 Qxd7 24.Bxf4 gxf4 25.d5 Qf5 26.d6 Qb5 27.Rb4 Qxa5 28.
Rxb7 Rxb7 29.Qxb7 c5 30.Qc7 Qxc7 31.dxc7 Be5 32.Rd7 Kg7 33.Bb7 1-0

[Event "interzonal (w)"]
[Site "Azov URS"]
[Date "1990.??.??"]
[Round "3"]
[White "Peng Zhaoqin"]
[Black "Amura, Claudia"]
[Result "0-1"]
[WhiteElo "2305"]
[BlackElo "2285"]
[EventDate "1990.06.??"]
[PlyCount "78"]

1.d4 d5 2.c4 e6 3.Nc3 Be7 4.Nf3 Nf6 5.Bg5 O-O 6.e3 Nbd7 7.Qc2 a6 8.Rd1 c6 
9.Bd3 b5 10.cxd5 cxd5 11.Ne5 Nxe5 12.dxe5 Nd7 13.Bxh7+ Kh8 14.Bf4 b4 15.
Na4 b3 16.axb3 Bb4+ 17.Kf1 g6 18.h4 Kxh7 19.h5 Rh8 20.Bg3 Kg7 21.Rd4 a5 
22.Rf4 Ba6+ 23.Kg1 Qe8 24.Bh4 Rc8 25.Nc3 Be7 26.hxg6 fxg6 27.Qd1 Bxh4 28.
Rfxh4 Qe7 29.Qd4 Rxh4 30.Rxh4 Rh8 31.Rg4 Rh5 32.f4 Kh7 33.Qd1 Qf8 34.Ne4 
Be2 35.Qxe2 dxe4 36.Qb5 Qc8 37.Qxa5 Qc1+ 38.Kf2 Qxb2+ 39.Kg3 Qe2 0-1

[Event "interzonal (w)"]
[Site "Azov URS"]
[Date "1990.??.??"]
[Round "3"]
[White "Prudnikova, Svetlana"]
[Black "Chelushkina, Irina"]
[Result "1/2-1/2"]
[WhiteElo "2265"]
[BlackElo "2315"]
[EventDate "1990.06.??"]
[PlyCount "21"]

1.e4 e5 2.Nf3 Nf6 3.Nxe5 d6 4.Nf3 Nxe4 5.Qe2 Qe7 6.d3 Nf6 7.Bg5 Qxe2+ 8.
Bxe2 Be7 9.O-O c6 10.Nc3 Na6 11.Rfe1 1/2-1/2

[Event "interzonal (w)"]
[Site "Azov URS"]
[Date "1990.??.??"]
[Round "3"]
[White "Klimova-Richtrova, Eliska"]
[Black "Burtman, Sharon"]
[Result "1-0"]
[WhiteElo "2355"]
[BlackElo "2045"]
[EventDate "1990.06.??"]
[PlyCount "53"]

1.e4 Nf6 2.e5 Nd5 3.Nc3 Nxc3 4.bxc3 d5 5.f4 Bf5 6.Nf3 c5 7.h3 h5 8.g3 e6 
9.Rb1 Qc7 10.Bg2 Nc6 11.d3 Be7 12.Be3 f6 13.Nh4 O-O-O 14.Nxf5 exf5 15.O-O 
fxe5 16.fxe5 Qxe5 17.Qf3 g6 18.c4 Bd6 19.c3 Qxc3 20.Rxb7 Qxd3 21.Rb3 Qxc4 
22.Kh1 Nd4 23.Bxd4 Qxd4 24.Qe2 c4 25.Qe6+ Kc7 26.Qf7+ Kc6 27.Qb7+ 1-0

[Event "interzonal (w)"]
[Site "Azov URS"]
[Date "1990.??.??"]
[Round "3"]
[White "Salazar Varon, Adriana"]
[Black "Madl, Ildiko"]
[Result "1/2-1/2"]
[WhiteElo "2115"]
[BlackElo "2390"]
[EventDate "1990.06.??"]
[PlyCount "69"]

1.e4 c5 2.Nc3 Nc6 3.g3 g6 4.Bg2 Bg7 5.d3 d6 6.Be3 Rb8 7.Qd2 b5 8.f4 b4 9.
Nd1 e5 10.Nh3 Nf6 11.fxe5 Nxe5 12.O-O Neg4 13.Bf4 O-O 14.Nhf2 Qb6 15.Nxg4 
Nxg4 16.h3 Ne5 17.Kh2 Be6 18.Bh6 a5 19.Bxg7 Kxg7 20.Rf4 f6 21.Ne3 Rf7 22.
Raf1 Qb5 23.h4 Qd7 24.h5 g5 25.R4f2 h6 26.Nf5+ Bxf5 27.Rxf5 Qa4 28.d4 cxd4
29.Qxd4 Qc6 30.Kh1 Rb5 31.Qf2 Ng4 32.Qe2 Ne5 33.Qf2 Ng4 34.Qe2 Ne5 35.Qf2 
1/2-1/2

[Event "interzonal (w)"]
[Site "Azov URS"]
[Date "1990.??.??"]
[Round "3"]
[White "Voiska, Margarita"]
[Black "Brustman, Agnieszka"]
[Result "1/2-1/2"]
[WhiteElo "2335"]
[BlackElo "2325"]
[EventDate "1990.06.??"]
[PlyCount "91"]

1.d4 Nf6 2.Nf3 g6 3.c4 Bg7 4.g3 O-O 5.Bg2 d6 6.O-O Nbd7 7.Qc2 e5 8.Rd1 Qe7
9.Nc3 c6 10.e4 Re8 11.Rb1 exd4 12.Nxd4 a5 13.f3 Nc5 14.Be3 Nfd7 15.Bf2 Ne5
16.b3 a4 17.h3 axb3 18.axb3 Na6 19.Na2 Nc5 20.Nc1 Na6 21.f4 Nd7 22.Na2 
Nac5 23.Nc3 Nf6 24.Re1 Qc7 25.b4 Ne6 26.Nb3 Ra3 27.c5 dxc5 28.bxc5 Nd7 29.
Ra1 Rxa1 30.Rxa1 Qd8 31.e5 f5 32.Ra8 Qe7 33.Na4 g5 34.Be3 gxf4 35.gxf4 Kh8
36.Qxf5 Nc7 37.Rxc8 Rxc8 38.Nb6 Nxb6 39.cxb6 Ne6 40.Bc5 Qd7 41.Bd6 Rd8 42.
Be4 Bh6 43.Qf6+ Bg7 44.Qh4 Bf8 45.Qf6+ Bg7 46.Qf5 1/2-1/2

[Event "interzonal (w)"]
[Site "Azov URS"]
[Date "1990.??.??"]
[Round "4"]
[White "Amura, Claudia"]
[Black "Burtman, Sharon"]
[Result "1-0"]
[WhiteElo "2285"]
[BlackElo "2045"]
[EventDate "1990.06.??"]
[PlyCount "39"]

1.d4 Nf6 2.c4 e6 3.Nc3 Bb4 4.Qc2 c5 5.dxc5 Nc6 6.Nf3 Bxc5 7.Bg5 h6 8.Bh4 
O-O 9.e3 b6 10.Be2 Bb7 11.O-O Rc8 12.Rad1 Be7 13.Nb5 d5 14.Qb1 Qe8 15.Bxf6
gxf6 16.cxd5 exd5 17.Qf5 Kg7 18.Qg4+ Kh8 19.Qh5 Kg7 20.Nh4 1-0

[Event "interzonal (w)"]
[Site "Azov URS"]
[Date "1990.??.??"]
[Round "4"]
[White "Arakhamia, Ketevan"]
[Black "Voiska, Margarita"]
[Result "1-0"]
[WhiteElo "2385"]
[BlackElo "2335"]
[EventDate "1990.06.??"]
[PlyCount "97"]

1.e4 e6 2.d4 d5 3.Nc3 Nf6 4.e5 Nfd7 5.f4 c5 6.Nf3 Nc6 7.Be3 a6 8.Qd2 b5 9.
dxc5 Bxc5 10.Bxc5 Nxc5 11.Bd3 Qb6 12.Qf2 b4 13.Ne2 a5 14.O-O Ba6 15.Kh1 h6
16.f5 exf5 17.Nf4 Ne7 18.Rae1 Qc7 19.e6 O-O 20.exf7+ Rxf7 21.Ne5 Rf6 22.
Qg3 Ne6 23.Nh5 Rff8 24.Ng6 Qxg3 25.Nxe7+ Kf7 26.hxg3 Bxd3 27.cxd3 Kxe7 28.
Nf4 Ra6 29.Ng6+ Kf6 30.Nxf8 Nxf8 31.g4 Nd7 32.Rxf5+ Kg6 33.Rxd5 Nf6 34.Rd4
Kg5 35.Re5+ Kh4 36.g5+ Ng4 37.gxh6 gxh6 38.Ree4 h5 39.Kg1 Kg3 40.Rf4 Rc6 
41.Rf3+ Kh4 42.Rc4 Re6 43.Kf1 Re5 44.Re4 Rc5 45.Ke1 Rc1+ 46.Kd2 Rb1 47.Kc2
Rg1 48.Re2 a4 49.Rf4 1-0

[Event "interzonal (w)"]
[Site "Azov URS"]
[Date "1990.??.??"]
[Round "4"]
[White "Battsetseg, Tsagaan"]
[Black "Prudnikova, Svetlana"]
[Result "1-0"]
[WhiteElo "2230"]
[BlackElo "2265"]
[EventDate "1990.06.??"]
[PlyCount "83"]

1.e4 c5 2.Nf3 Nc6 3.d4 cxd4 4.Nxd4 Nf6 5.Nc3 d6 6.Bg5 e6 7.Qd2 a6 8.O-O-O 
Bd7 9.h4 b5 10.f3 Rb8 11.Nxc6 Bxc6 12.Bd3 Be7 13.Kb1 a5 14.Ne2 h6 15.Nd4 
Bd7 16.Be3 b4 17.g4 a4 18.g5 Nh5 19.f4 g6 20.Rhg1 hxg5 21.hxg5 e5 22.fxe5 
dxe5 23.Nf3 Qc7 24.Bc4 Bb5 25.Bd5 O-O 26.Rh1 Rfd8 27.Qf2 a3 28.Nh4 Rxd5 
29.exd5 axb2 30.Nf5 Bc4 31.Nxe7+ Qxe7 32.Bc5 Qb7 33.Kxb2 Qa6 34.Bd4 Qxa2+ 
35.Kc1 Rc8 36.Bc3 Bxd5 37.Rh3 Be4 38.Re1 Qa3+ 39.Bb2 Qxh3 40.Rxe4 Qh1+ 41.
Re1 Qh4 42.Qxh4 1-0

[Event "interzonal (w)"]
[Site "Azov URS"]
[Date "1990.??.??"]
[Round "4"]
[White "Brustman, Agnieszka"]
[Black "Salazar Varon, Adriana"]
[Result "1-0"]
[WhiteElo "2325"]
[BlackElo "2115"]
[EventDate "1990.06.??"]
[PlyCount "85"]

1.e4 g6 2.d4 Bg7 3.c3 d5 4.exd5 Qxd5 5.Be2 c5 6.Bf3 Qe6+ 7.Ne2 cxd4 8.cxd4
Nf6 9.Nc3 O-O 10.O-O Nbd7 11.Be3 Nb6 12.d5 Qd7 13.Qb3 Ng4 14.Bxb6 axb6 15.
Bxg4 Qxg4 16.Qxb6 Ra6 17.Qc7 Qg5 18.Rad1 Be5 19.Qc4 Bh3 20.Ng3 Rc8 21.Qe4 
Bg4 22.h4 Qf4 23.Qxf4 Bxf4 24.Rd4 Bxg3 25.fxg3 h5 26.Rb4 e6 27.a3 Bf5 28.
Rd1 Rd8 29.Rdd4 Rad6 30.Rdc4 b6 31.Rc6 b5 32.Rxd6 Rxd6 33.Rxb5 exd5 34.
Nxd5 Re6 35.Nc3 Bd3 36.Rb8+ Kg7 37.a4 Rf6 38.b4 Rf1+ 39.Kh2 Rf2 40.Nd5 Be4
41.Nf4 f6 42.Re8 Bc6 43.Re7+ 1-0

[Event "interzonal (w)"]
[Site "Azov URS"]
[Date "1990.??.??"]
[Round "4"]
[White "Chelushkina, Irina"]
[Black "Kachiani, Ketino"]
[Result "1/2-1/2"]
[WhiteElo "2315"]
[BlackElo "2365"]
[EventDate "1990.06.??"]
[PlyCount "110"]

1.c4 Nf6 2.g3 e5 3.Bg2 d5 4.cxd5 Nxd5 5.Nf3 Nc6 6.O-O Be7 7.d4 Nb6 8.dxe5 
Qxd1 9.Rxd1 Nc4 10.Nc3 O-O 11.Nd5 Bd8 12.b3 N4xe5 13.Bf4 f6 14.Rac1 Bg4 
15.h3 Be6 16.Ne1 a5 17.Be3 Re8 18.Nc3 Rb8 19.Nc2 Nb4 20.Nxb4 axb4 21.Nb5 
Ra8 22.Rd2 c6 23.Nd6 Re7 24.Rcd1 Ba5 25.Bc5 Rd7 26.f4 Nf7 27.f5 Rxd6 28.
Bxd6 Bxf5 29.Bc5 h5 30.Rd4 Re8 31.Rf4 Bc8 32.Bxb4 g5 33.Rc4 b5 34.Bxa5 
bxc4 35.Kf2 cxb3 36.axb3 Be6 37.b4 Bc4 38.Rd2 Bb5 39.Bb6 Ne5 40.Bc5 Nc4 
41.Ra2 g4 42.hxg4 hxg4 43.Rc2 Re6 44.Rc3 Nb2 45.Rc2 Nc4 46.Ra2 Kg7 47.Ra7+
Kg6 48.Rc7 Nb2 49.Re7 Nd1+ 50.Ke1 Rxe7 51.Bxe7 Nc3 52.e3 Kf5 53.Bd6 Ne4 
54.Bf4 Bd3 55.Kd1 Ke6 1/2-1/2